| 000 | 00618nam a2200193 i 4500 | ||
|---|---|---|---|
| 001 | 129517 | ||
| 003 | ES-MaACL | ||
| 007 | t| | ||
| 008 | 070625s1973 ag ||||1| spa d | ||
| 080 | _a624.131(02) | ||
| 100 | 1 |
_aTerzaghi, Karl. _9109818 |
|
| 245 | 1 | 0 |
_aMecánica de suelos en la ingeniería práctica / _cpor Karl Terzaghi y Ralph B. Peck ; versión por Oreste Moretto. |
| 250 | _a2ª ed. | ||
| 260 |
_aBuenos Aires : _bEl Ateneo, _c[1973] |
||
| 300 |
_aXXIV, 722 p. : _bil. ; _c23 cm. |
||
| 700 | 1 |
_aPeck, Ralp Braxelton. _989856 |
|
| 700 | 1 |
_aMoreto, Oreste. _983480 |
|
| 852 |
_aES-MaACL _jE-7541 _bR.91595 |
||
| 999 |
_c129517 _d129517 |
||